Zeitschrift für Pädagogik
| Format: | Print Journal |
|---|---|
| Language: | German |
| Subito Delivery Service: | Order now. |
| Check availability: | HBZ Gateway |
| WorldCat: | WorldCat |
| Interlibrary Loan: | Für eine Fernleihe wählen Sie bitte zuerst einen Band oder Aufsatz aus. |
| Published: |
Weinheim Basel
Beltz Juventa
1955-
Weinheim Beltz anfangs |
| In: | Year: 1955 |
| Volumes / Articles: | Show volumes/articles. |
| Standardized Subjects / Keyword chains: | B
Pedagogics
|
| Further subjects: | B
Journal
B Education Periodicals |
| Parallel Edition: | Electronic
|
MARC
| LEADER | 00000cas a2200000 c 4500 | ||
|---|---|---|---|
| 001 | 129457248 | ||
| 003 | DE-627 | ||
| 005 | 20260401160445.0 | ||
| 007 | tu | ||
| 008 | 931114c19559999gw b| p| 0 |0ger c | ||
| 016 | 7 | |a 011134046 |2 DE-101 | |
| 016 | 7 | |a 200049-0 |2 DE-600 | |
| 022 | |a 0044-3247 | ||
| 024 | 7 | |a 01509713 |2 swets | |
| 024 | 8 | |a BSB-QK-Image-ID121871573960007356#131871845740007356 |q Identnummer | |
| 030 | |a ZTPDA | ||
| 035 | |a (DE-627)129457248 | ||
| 035 | |a (DE-603)047249323 | ||
| 035 | |a (DE-576)014820609 | ||
| 035 | |a (DE-599)ZDB200049-0 | ||
| 035 | |a (OCoLC)1367297733 | ||
| 035 | |a (DE-615)00258395 | ||
| 040 | |a DE-627 |b ger |c DE-627 |e rakwb | ||
| 041 | |a ger | ||
| 044 | |c XA-DE | ||
| 050 | 0 | |a L31 | |
| 082 | 0 | 4 | |a 370 |q DE-101 |
| 082 | 0 | 4 | |a 370 |q DE-600 |
| 084 | |a PÄ 1 |2 sfb | ||
| 084 | |a 5,3 |2 ssgn | ||
| 084 | |a DA 1000 |2 rvk |0 (DE-625)rvk/19243: | ||
| 084 | |a 80.00 |2 bkl | ||
| 084 | |a 80.01 |2 bkl | ||
| 210 | 1 | 0 | |a Z. f. Paed. |
| 222 | 0 | |a Zeitschrift für Pädagogik | |
| 245 | 0 | 0 | |a Zeitschrift für Pädagogik |
| 264 | 3 | 1 | |a Weinheim |a Basel |b Beltz Juventa |c 1955- |
| 264 | 2 | 1 | |a Weinheim |b Beltz |c anfangs |
| 300 | |c 24 cm | ||
| 336 | |a Text |b txt |2 rdacontent | ||
| 337 | |a ohne Hilfsmittel zu benutzen |b n |2 rdamedia | ||
| 338 | |a Band |b nc |2 rdacarrier | ||
| 362 | 0 | |a 1.1955 - | |
| 363 | 0 | 1 | |a 1 |i 1955 |
| 500 | |a Repr.: New York, NY : Johnson | ||
| 515 | |a Ersch. zweimonatl., bis 9.1963 vierteljährl.; 49.2003,3-4 fälschlich als Jg. 48 bez. | ||
| 583 | 1 | |a Archivierung/Langzeitarchivierung gewährleistet |f PEBW |2 pdager |5 DE-31 | |
| 583 | 1 | |3 1.1955-67.2021 |a Archivierung/Langzeitarchivierung gewährleistet |f DE-636 |x XA-DE-NI |z f eingeschränkte Benutzung |2 pdager |5 DE-Luen4 | |
| 601 | |a Zeitschrift | ||
| 650 | 4 | |a Education |x Periodicals | |
| 655 | 7 | |a Zeitschrift |0 (DE-588)4067488-5 |0 (DE-627)10454466X |0 (DE-576)20917000X |2 gnd-content | |
| 689 | 0 | 0 | |d s |0 (DE-588)4044302-4 |0 (DE-627)106206168 |0 (DE-576)209060174 |2 gnd |a Pädagogik |
| 689 | 0 | |5 DE-101 | |
| 689 | 0 | |5 (DE-627) | |
| 770 | 0 | 8 | |i Supplement |n Ab 5.1959 Beih. |t Zeitschrift für Pädagogik / Beiheft |d Weinheim : Beltz Juventa, 1959 |w (DE-627)129457256 |w (DE-600)200050-7 |w (DE-576)014820617 |x 0514-2717 |
| 776 | 1 | |x 0044-3247 | |
| 776 | 0 | 8 | |i Erscheint auch als |n Online-Ausgabe |t Zeitschrift für Pädagogik |d Weinheim : Beltz, 1972 |h Online-Ressource |w (DE-627)656333014 |w (DE-600)2603214-4 |w (DE-576)369995422 |x 0044-3247 |k Electronic |
| 787 | 0 | 8 | |i Index 1/30=20 von |t Zeitschrift für Pädagogik / Beiheft |d Weinheim : Beltz Juventa, 1959 |w (DE-627)129457256 |w (DE-600)200050-7 |w (DE-576)014820617 |x 0514-2717 |
| 935 | |a SAXB |a mteo |a BWLB |a IHoeB | ||
| 936 | r | v | |a DA 1000 |b Zeitschriften |k Pädagogik |k Zeitschriften |0 (DE-627)1398378968 |0 (DE-625)rvk/19243: |0 (DE-576)328378968 |
| 936 | b | k | |a 80.00 |j Pädagogik: Allgemeines |0 (DE-627)106414410 |
| 936 | b | k | |a 80.01 |j Geschichte der Pädagogik und Erziehung |q ARK |0 (DE-627)106414429 |
| 936 | s | n | |a d100 |2 mzub |
| 938 | 1 | 0 | |0 (DE-627)1756143315 |0 (DE-615)6603321 |a Erziehungswissenschaft |2 fivt |
| 951 | |a JT | ||
| ACO | |a 1 | ||
| BIB | |a 1 | ||
| ELC | |b 1 | ||
| ITA | |a 1 |t 1 | ||
| LOK | |0 000 xxxxxcy a22 3n 4500 | ||
| LOK | |0 001 2468324919 | ||
| LOK | |0 003 DE-627 | ||
| LOK | |0 004 129457248 | ||
| LOK | |0 005 20131212044233 | ||
| LOK | |0 008 880928||||||||||||||||ger||||||| | ||
| LOK | |0 035 |a (DE-600)010520945 | ||
| LOK | |0 040 |a DE-21 |c DE-627 |d DE-21 | ||
| LOK | |0 092 |o l | ||
| LOK | |0 852 |8 1 | ||
| LOK | |0 852 |a DE-21 | ||
| LOK | |0 852 1 |c Ah I 2043 |9 00 | ||
| LOK | |0 85900 |8 1.1 |a 1 |i 1955 | ||
| LOK | |0 85910 |8 1.2 |a 59 |i 2013 | ||
| LOK | |0 86630 |a 1.1955 - 59.2013 | ||
| LOK | |0 866 0 |z ZLS-WZ | ||
| LOK | |0 939 |a 1999-12-02 |b z01 | ||
| LOK | |0 000 xxxxxcy a22 3n 4500 | ||
| LOK | |0 001 2468324927 | ||
| LOK | |0 003 DE-627 | ||
| LOK | |0 004 129457248 | ||
| LOK | |0 005 20160125161950 | ||
| LOK | |0 008 880930||||||||||||||||ger||||||| | ||
| LOK | |0 035 |a (DE-600)010520953 | ||
| LOK | |0 040 |a DE-21-31 |c DE-627 |d DE-21-31 | ||
| LOK | |0 092 |o n | ||
| LOK | |0 852 |8 1 | ||
| LOK | |0 852 |a DE-21-31 | ||
| LOK | |0 852 1 |c Ze 120 |9 00 | ||
| LOK | |0 85901 |8 1.1 |a 9 |i 1963 | ||
| LOK | |0 86630 |a 9.1963 - | ||
| LOK | |0 939 |a 1999-12-02 |b z01 | ||
| LOK | |0 000 xxxxxcx a22 zn 4500 | ||
| LOK | |0 001 2468324935 | ||
| LOK | |0 003 DE-627 | ||
| LOK | |0 004 129457248 | ||
| LOK | |0 005 20151229074711 | ||
| LOK | |0 008 930630||||||||||||||||ger||||||| | ||
| LOK | |0 040 |a DE-21-31 |c DE-627 |d DE-21-31 | ||
| LOK | |0 852 |z Bestand: 9.1963 - [Ältere Jahrgänge im Magazin] | ||
| LOK | |0 852 |a DE-21-31 | ||
| LOK | |0 852 1 |c Ze 120 |m p |9 00 | ||
| LOK | |0 866 |x KV : abonniert | ||
| LOK | |0 935 |a ALKV |a aboe | ||
| LOK | |0 938 |k p | ||
| LOK | |0 939 |a 1993-06-30 |b l01 | ||
| LOK | |0 000 xxxxxcy a22 3n 4500 | ||
| LOK | |0 001 2468324978 | ||
| LOK | |0 003 DE-627 | ||
| LOK | |0 004 129457248 | ||
| LOK | |0 005 20240913104328 | ||
| LOK | |0 008 880930||||||||||||||||ger||||||| | ||
| LOK | |0 035 |a (DE-600)010520996 | ||
| LOK | |0 040 |a DE-21-43 |c DE-627 |d DE-21-43 | ||
| LOK | |0 092 |o n | ||
| LOK | |0 852 |8 1 | ||
| LOK | |0 852 |a DE-21-43 | ||
| LOK | |0 852 1 |c Zb 133 |9 00 | ||
| LOK | |0 85901 |8 1.1 |a 1 |i 1955 | ||
| LOK | |0 86630 |a 1.1955 - | ||
| LOK | |0 939 |a 1999-12-02 |b z01 | ||
| LOK | |0 000 xxxxxcy a22 3n 4500 | ||
| LOK | |0 001 2468324986 | ||
| LOK | |0 003 DE-627 | ||
| LOK | |0 004 129457248 | ||
| LOK | |0 005 20191119105330 | ||
| LOK | |0 008 880930||||||||||||||||ger||||||| | ||
| LOK | |0 035 |a (DE-600)010520988 | ||
| LOK | |0 040 |a DE-21-37 |c DE-627 |d DE-21-37 | ||
| LOK | |0 092 |o n | ||
| LOK | |0 852 |8 1 | ||
| LOK | |0 852 |a DE-21-37 | ||
| LOK | |0 852 1 |c Zs 118 |9 00 | ||
| LOK | |0 85900 |8 1.1 |a 3 |i 1957 | ||
| LOK | |0 85910 |8 1.2 |a 65 |i 2019 | ||
| LOK | |0 86630 |a 3.1957 - 65.2019 |z [N=5; L=43] | ||
| LOK | |0 939 |a 1999-12-02 |b z01 | ||
| ORI | |a TA-MARC-ixtheoa001.raw | ||
| REL | |a 1 | ||
| SPR | |a 1 |t BIB |t IXT |t REL | ||
| STA | 0 | 0 | |a Pedagogics,Pedagogics,Pedagogy,Education science,Paedagogy,Paedagogics,Education |
| STB | 0 | 0 | |a Pédagogie,Pédagogie |
| STC | 0 | 0 | |a Pedagogía,Pedagogía |
| STD | 0 | 0 | |a Pedagogia,Pedagogia |
| STE | 0 | 0 | |a 教育学 |
| STF | 0 | 0 | |a 教育學 |
| STG | 0 | 0 | |a Pedagogia,Pedagogia |
| STH | 0 | 0 | |a Педагогика (мотив),Педагогика |
| STI | 0 | 0 | |a Παιδαγωγική (μοτίβο),Παιδαγωγική |
| SUB | |a BIB |a REL | ||
| SYG | 0 | 0 | |a Erziehungswissenschaft,Erziehungswissenschaften,Erziehungswissenschaft,Pädagogischer Prozess,Erziehungswissenschaften |



